000 01674nam a2200517 i 4500
001 46281
003 KOSZ 005
005 20200728124804.0
008 000801s2000 pl a f d |000 0 pol
015 _aUWD 2000/14739
020 _a8388537032
035 _a991014438859705066
035 _a(PL-WaBN)b13883641-48omnis_nlop
035 _ab13883641
035 _a(OCoLC)749242487
035 _a(PL)b0000001388364
035 _a(EXLNZ-48OMNIS_NETWORK)9910451986605606
040 _aWA N
_cWA N
_dKOSZ 005/HR
041 0 _apol
046 _k2000
080 _a641
080 _a613.2
080 _a(038)
100 1 _aTauber, Roman Dawid
_d(1945-2019)
_eAutor
245 1 0 _aGastronomia :
_bsłownik żywieniowo-gastronomiczny /
_cR. D. Tauber, J. M. Hasik.
260 _aPoznań :
_bWyższa Szkoła Hotelarstwa i Gastronomii,
_c2000.
300 _a131 s., [8] s. tabl. kolor. :
_bil. ;
_c21 cm.
336 _aTekst
_btxt
_2rdacontent
337 _aBez urządzenia pośredniczącego
_bn
_2rdamedia
338 _aWolumin
_bnc
_2rdacarrier
380 _aKsiążki
380 _aPublikacje informacyjne
380 _aPublikacje fachowe
388 _a1901-2000
388 _a1989-2000
650 7 _aGastronomia
_2DBN
650 7 _aKucharstwo
650 7 _aOdżywianie
650 7 _aTerminologia
_2DBN
655 7 _aSłownik języka polskiego
_2DBN
655 7 _aSłownik terminologiczny
_2DBN
700 1 _aHasik, Jan
_d(1922-2001)
_eAutor
856 _uhttp://koha.tu.koszalin.pl/cgi-bin/koha/opac-detail.pl?biblionumber=46281
_yKatalog online BPK
942 _2UKD
_cKS
999 _c46281
_d46281